| 000 | 00667nam a22002057a 4500 | ||
|---|---|---|---|
| 999 |
_c9096 _d9096 |
||
| 003 | AR-CdUCM | ||
| 008 | 190327b ||||| |||| 00| 0 spa d | ||
| 040 |
_aMUNICIPALIDAD PROVINCIAL DEL CUSCO _cBIBLIOTECA MUNICIPAL DEL CUSCO |
||
| 082 |
_a869.481 / _bO73 |
||
| 100 |
_aOrtega Rojas, Moises _923280 |
||
| 245 | _aCanto a Inca Garcilazo / | ||
| 260 |
_aJauja : _bTalleres Azul , _c1975. |
||
| 300 |
_a16 páginas ; _c21.3 cm. |
||
| 500 | _aContiene dedicatoria propia del autor del libro dirigido a Luis Nieto | ||
| 650 |
_aPoesia Limeña _917928 |
||
| 650 |
_aPoesia Latinoamericana _92147 |
||
| 650 |
_aPoesia Peruana _9280 |
||
| 942 |
_2ddc _cLIBROS |
||
| 945 | _artm | ||